000 00309nam a22001097a 4500
082 _aCP-98
100 _aHussain, Shahid
_917022
245 _aQuantity Surveying & Cost Estimation CE-372
_bOD/CED-88/89, Spring Semester 2020
260 _aRisalpur,
_bMCE,
_c2020.
526 _a0
_b0
_c0
_dCP_98
942 _2ddc
_cBK
999 _c554432
_d554432